Introduction to computer organization /

Guardado en:
Autor Principal: Chu, Yaohan, 1920-
Formato: Libro
Idioma:English
Publicado: Englewood Cliffs, N.J. : Prentice-Hall, c1970.
Etiquetas: Agregar Etiqueta
Sin Etiquetas, Sea el primero en etiquetar este registro!
LEADER 00533cam a22001695 4500
001 MAT.inmabb002129
008 700924s1970####njua#####b####001#0#eng#d
005 20170607144549.0
245 1 0 |a Introduction to computer organization /  |c Yaohan Chu. 
260 |a Englewood Cliffs, N.J. :  |b Prentice-Hall,  |c c1970. 
300 |a viii, 376 p. :  |b il. ;  |c 24 cm. 
504 |a Bibliografía: p. 369-371. 
020 |a 0134795350 
100 1 |a Chu, Yaohan,  |d 1920- 
084 |a 68-XX  |2 msc2000 
010 |a  77130352  
859 |h 68  |i C559  |p A-3778  |b BIB. MATEMATICA